| 000 -LEADER |
| fixed length control field |
01154cam a2200301 a 4500 |
| 001 - CONTROL NUMBER |
| control field |
16256819 |
| 005 - DATE AND TIME OF LATEST TRANSACTION |
| control field |
20260115095422.0 |
| 008 - FIXED-LENGTH DATA ELEMENTS--GENERAL INFORMATION |
| fixed length control field |
100528s2010 maua b 000 0deng |
| 010 ## - LIBRARY OF CONGRESS CONTROL NUMBER |
| LC control number |
2010022447 |
| 020 ## - INTERNATIONAL STANDARD BOOK NUMBER |
| International Standard Book Number |
9781590306741 (pbk. : alk. paper) |
| 040 ## - CATALOGING SOURCE |
| Original cataloging agency |
DLC |
| Transcribing agency |
DLC |
| Modifying agency |
DLC |
| 050 00 - LIBRARY OF CONGRESS CALL NUMBER |
| Classification number |
BQ972.U64 |
| Item number |
K63 2010 |
| 082 00 - DEWEY DECIMAL CLASSIFICATION NUMBER |
| Classification number |
294.34435 |
| Edition number |
23 |
| 100 1# - MAIN ENTRY--PERSONAL NAME |
| Personal name |
Knaster, Mirka. |
| 9 (RLIN) |
22095 |
| 245 10 - TITLE STATEMENT |
| Title |
Living this life fully : |
| Remainder of title |
stories and teachings of Munindra / |
| Statement of responsibility, etc. |
Mirka Knaster in collaboration with C. Robert Pryor ; foreword by Joseph Goldstein. |
| 260 ## - PUBLICATION, DISTRIBUTION, ETC. |
| Place of publication, distribution, etc. |
Boston : |
| Name of publisher, distributor, etc. |
Shambhala, |
| Date of publication, distribution, etc. |
2010. |
| 300 ## - PHYSICAL DESCRIPTION |
| Extent |
xxv, 252 pages : |
| Other physical details |
illustrations ; |
| Dimensions |
23 cm. |
| 500 ## - GENERAL NOTE |
| General note |
S-KN: Ashin Khemānanda |
| 504 ## - BIBLIOGRAPHY, ETC. NOTE |
| Bibliography, etc. note |
Includes bibliographical references. |
| 600 10 - SUBJECT ADDED ENTRY--PERSONAL NAME |
| Personal name |
Munindra, Anagarika, |
| Dates associated with a name |
1915-2003 |
| General subdivision |
Teachings. |
| 9 (RLIN) |
22096 |
| 650 #0 - SUBJECT ADDED ENTRY--TOPICAL TERM |
| Topical term or geographic name entry element |
Dharma (Buddhism) |
|
| Topical term or geographic name entry element |
Buddhism |
| General subdivision |
Meditation. |
| 9 (RLIN) |
13941 |
|
| Topical term or geographic name entry element |
Vipassana-meditation. |
| 9 (RLIN) |
22097 |
| 700 1# - ADDED ENTRY--PERSONAL NAME |
| Personal name |
Pryor, C. Robert. |
| 9 (RLIN) |
22098 |
| 906 ## - LOCAL DATA ELEMENT F, LDF (RLIN) |
| a |
7 |
| b |
cbc |
| c |
orignew |
| d |
1 |
| e |
ecip |
| f |
20 |
| g |
y-gencatlg |
| 942 ## - ADDED ENTRY ELEMENTS (KOHA) |
| Source of classification or shelving scheme |
|
| Koha item type |
Book (Short term) |